00537nam a2200157 a 450000100100000000500170001000800410002704000250006808200150009310000270010824500720013526000470020730000210025450000710027570000330034600004550720201002052304.0150410s2006 dr 000 p spa d aDO-SdBNPbspacBNPHU axxxxbxxxx1 aBerroa, Robert,d1955-10aEspasmos prohibidos /cRobert Berroa ; prólogo Víctor Villegas. aSanto Domingo :bGráfica Willian,c2006. a108 p. ;c21 cm. aIncluye datos biográficos del autor en la solapa de la cubierta.12aVillegas, Víctor,epról.